000 00473nam a2200169Ia 4500
005 20250923144406.0
008 008 250917s9999 xx 000 0 eng d
037 _aReports
040 _aDSWL
_beng
_cDSWL
041 _aeng
_2eng
084 _aV2:2qN35, H7
_qDSWL
245 0 _aAct, 1935 as adapted in 1947
_cby Govt. of India
260 _aDelhi
_bManager of pub.
_c1947
300 _a164 p.
942 _cREP
_hV2:2qN35, H7
999 _c1438274
_d1438274